Rolling Stones - Wild Horses - Lyrics - Statistics

General Stats
  • This quiz has been taken 23 times
  • The average score is 10 of 14
Answer Stats
Line Lyrics % Correct
Chorus _________, couldn't drag me away Wild horses
95%
Chorus Wild, wild horses, we'll ride them _______ some day
90%
Verse Graceless ___, you know who I am lady
85%
Verse You know I can let you ____ through my hands slide
80%
Verse2 I have my freedom, but I don't have much ___ time
80%
Verse The things you ______, I bought them for you wanted
80%
Verse1 Could make me feel _____ or treat you unkind bitter
70%
Verse1 I watched you suffer a dull, _____ pain aching
65%
Verse2 Let's do some _____ after we die living
65%
Verse1 Now you decided to show me _______ the same
60%
Verse ____________ is easy to do Childhood living
55%
Verse2 ____ has been broken, tears must be cried Faith
55%
Verse1 No sweeping exits or __________ offstage lines
50%
Verse2 I know I dreamed you a __ and a lie sin
45%
No matching quizzes found
Score Distribution
Percent of People with Each Score
Percentile by Number Answered
Your Score History
You have not taken this quiz